| 000 | 00643nam a2200205Ia 4500 | ||
|---|---|---|---|
| 005 | 20250508165726.0 | ||
| 008 | 008 250505s9999 xx 000 0 hin d | ||
| 020 | _a978-1-4725-0908-6 | ||
| 037 | _aDissertations | ||
| 040 |
_aFEDL _beng _cFEDL |
||
| 041 |
_ahin _2eng |
||
| 084 |
_a376.65, PRA/DI _qFEDL |
||
| 100 | _aPraveen Kumar | ||
| 245 | 0 | _aUchch shiksha mein dalit mahilaon ki sthiti ka ek adhyayan: Rajdhani Delhi ke vishesh sanderbh mein | |
| 260 | _c2016 | ||
| 300 | _a201p. | ||
| 546 | _aM. Phil Dissertation (Delhi University); C D Included | ||
| 942 |
_cDIS _h376.65, PRA/DI |
||
| 999 |
_c1397065 _d1397065 |
||